| Tag |
First Indicator |
Second Indicator |
Subfields |
| LEADER |
00000pam a2200000 a 4500 |
| 001 |
in00001852021 |
| 005 |
20151026082128.0 |
| 008 |
040405s2004 mauaf bq 001 0 eng |
| 010 |
|
|
|a 2004007973
|
| 020 |
|
|
|a 0306813017 (alk. paper)
|
| 035 |
|
|
|a (OCoLC)ocm54931571
|
| 040 |
|
|
|a DLC
|c DLC
|d YDX
|d TXA
|d UtOrBLW
|
| 043 |
|
|
|a n-us---
|
| 049 |
|
|
|a TXAM
|
| 050 |
0 |
0 |
|a PN1995.9.G3
|b M34 2004
|
| 082 |
0 |
0 |
|a 791.43/6556
|2 22
|
| 100 |
1 |
|
|a McCarty, John,
|d 1944-
|
| 245 |
1 |
0 |
|a Bullets over Hollywood :
|b the American gangster picture from the silents to "The Sopranos" /
|c John McCarty.
|
| 250 |
|
|
|a 1st Da Capo Press ed.
|
| 264 |
|
1 |
|a Cambridge, MA :
|b Da Capo Press,
|c 2004.
|
| 300 |
|
|
|a viii, 325 pages, 16 unnumbered pages of plates :
|b illustrations ;
|c 24 cm.
|
| 336 |
|
|
|a text
|b txt
|2 rdacontent
|
| 337 |
|
|
|a unmediated
|b n
|2 rdamedia
|
| 338 |
|
|
|a volume
|b nc
|2 rdacarrier
|
| 504 |
|
|
|a Includes filmography (pages 264-300).
|
| 504 |
|
|
|a Includes bibliographical references (pages 311-313)and index.
|
| 650 |
|
0 |
|a Gangster films
|z United States
|x History and criticism.
|
| 994 |
|
|
|a E0
|b TXA
|
| 948 |
|
|
|a cataloged
|b h
|c 2004/8/3
|d c
|e jlanham
|f 10:06:07 am
|
| 999 |
|
|
|a MARS
|
| 999 |
f |
f |
|s 106fd890-c70b-37f7-ad5a-1a88d94578fa
|i 089fe6d0-e8a7-3486-b5ec-e3d01c3faa23
|t 0
|
| 952 |
f |
f |
|p normal
|a Texas A&M University
|b College Station
|c Sterling C. Evans Library
|d Evans: Library Stacks
|t 0
|e PN1995.9.G3 M34 2004
|h Library of Congress classification
|i unmediated -- volume
|m A14831260208
|
| 998 |
f |
f |
|a PN1995.9.G3 M34 2004
|t 0
|l Evans: Library Stacks
|